000 01038cpmaa2200277 4500
001 mm 81092098
003 DLC
005 20260227111710.0
008 810324|||||||||||| eng
010 _amm 81092098
040 _aDLC
_cDLC
_edacs
_dDLC
072 7 _aC
_2lcmd
100 1 _aFitch, Jabez,
_d1737-1812.
245 0 0 _aJabez Fitch journals,
_f1775.
300 _a1
_fitem.
300 _a1
_fcontainer.
506 0 _aOpen to research.
520 8 _aJournals of Lt. Jabez Fitch, Jr., Capt. Jewett's Company, Col. Jedediah Huntington's 8th Connecticut Regt. (1775 August 5-December 13).
545 0 _aArmy officer.
546 _aCollection material in English.
600 1 0 _aHuntington, Jedediah,
_d1743-1818.
610 1 0 _aUnited States.
_bArmy.
_bConnecticut Infantry Regiment, 8th.
656 7 _aArmy officers.
_2itoamc
999 _c43310
_d43310